S28 駅名クイズ - 神戸電鉄 ver. - Statistics

General Stats
  • This quiz has been taken 151 times
    144 since last reset
  • The average score is 38 of 50
Answer Stats
Number Answer % Correct
KB29 三田
99%
KB01 新開地
95%
KB16 有馬温泉
94%
KB59 粟生
94%
KB06 鈴蘭台
93%
KB06 鈴蘭台
93%
KB15 有馬口
92%
KB15 有馬口
92%
KB53 三木
91%
KB10 谷上
90%
KB02 湊川
88%
KB33 ウッディタウン中央
88%
KB05 鵯越
87%
KB42 西鈴蘭台
87%
KB07 北鈴蘭台
86%
KB57 小野
85%
KB41 鈴蘭台西口
84%
KB03 長田
83%
KB13 神鉄六甲
83%
KB27 横山
83%
KB27 横山
83%
KB26 神鉄道場
80%
KB47 押部谷
77%
KB50 志染
76%
KB52 三木上の丸
76%
KB22 岡場
74%
KB31 フラワータウン
74%
KB32 南ウッディタウン
74%
KB25 道場南口
73%
KB28 三田本町
73%
KB08 山の街
71%
KB49 広野ゴルフ場前
71%
KB04 丸山
70%
KB11 花山
70%
KB24 二郎
70%
KB14 唐櫃台
65%
KB46
65%
KB09 箕谷
63%
KB43 藍那
63%
KB44 木津
63%
KB45 木幡
63%
KB12 大池
62%
KB21 五社
62%
KB48 緑が丘
62%
KB58 葉多
62%
KB56 市場
60%
KB23 田尾寺
59%
KB55 樫山
59%
KB54 大村
57%
KB51 恵比須
56%
No matching quizzes found
Score Distribution
Percent of People with Each Score
Percentile by Number Answered
Your Score History
You have not taken this quiz since the last reset